00622nam a22002057a 450000500170000001000130001702000100003003500130004003700160005304000120006908200190008110000190010024500980011926000470021727000630026430000250032750000220035265000250037465000170039920170124110008.0 aA-679326 c00.00 aA-679326 bCen Lib/Ret aDPLbEN a327.47054bTHA aThakur, Ramesh aSoviet relations with India and Vietnam 1945-1992 /cby Ramesh Thakur [and] Carlyle A. Thayer aNew DelhibOxford University Press c1992 aYMCA Library Building, Jai Singh Road bNew Delhie110001 aviii,369p.c22cm(Hb) aIncludes index  aDiplomatic relations aSoviet Union